00503nam a22000977a 4500040000800000082002700008100004300035245027700078260002600355300002400381 cRUA aLMA HON 2025 B701 Or.1 aHONG SACHAK, ហុង សច្ចៈ aStudy of the land market in siemreab commune, kandal stung district, kandal province, សិក្សាអំពីទីផ្សារដីធ្លីនៅ ឃុំសៀមរាប ស្រុកកណ្ដាលស្ទឹង ខេត្តកណ្ដាល aPHNOM PENHbRUAc2025 ax,51p.bill.c29cm.